|
|
|
|
| LEADER |
01049nam a2200241 a 4500 |
| 008 |
090916s1986 nyua b 001 0 eng d |
| 020 |
|
|
|a 0333433017 (pbk.)
|
| 040 |
|
|
|a eng
|
| 082 |
0 |
4 |
|a 362.7091724
|2 20
|
| 100 |
1 |
|
|a Morley, David.
|
| 245 |
1 |
0 |
|a My name is today :
|b an illustrated discussion of child health, society and poverty in less developed countries /
|c David Morley and Hermone Lovel.
|
| 260 |
|
|
|a Cambridge :
|b Macmillan,
|c 1986.
|
| 300 |
|
|
|a 359, [90] p. :
|b ill. ;
|c 22 cm.
|
| 504 |
|
|
|a Includes bibliographical references and index.
|
| 541 |
1 |
|
|e 00003091
|
| 650 |
|
0 |
|a Children
|x Health and hygiene
|z Developing countries.
|
| 650 |
|
0 |
|a Child health services
|z Developing countries.
|
| 650 |
|
0 |
|a Child care
|z Developing countries.
|
| 650 |
|
0 |
|a Public health.
|
| 700 |
1 |
|
|a Lovel, Hermione.
|
| 852 |
4 |
|
|a Ayesha Abed Library
|j General shelf
|
| 999 |
|
|
|c 4070
|d 4070
|
| 952 |
|
|
|0 0
|1 0
|2 ddc
|4 0
|6 362_709172400000000_MOR_1986
|7 0
|9 3743
|a BRACUL
|b BRACUL
|c GEN
|d 2009-10-03
|g 336.00
|l 0
|o 362.7091724 MOR
|p 3010003091
|r 2009-10-03
|t 1
|v 672.00
|w 2009-10-03
|y BK
|